| 000 | 00717nam a2200229 a 4500 | ||
|---|---|---|---|
| 001 | BRCA_367 | ||
| 005 | 20190320202959.0 | ||
| 008 | 890919s1990 hiuaf b s001 0 eng | ||
| 020 | _a082481200X (alk. paper) | ||
| 040 |
_aDLC _cDLC _dDLC |
||
| 050 | 4 |
_aNE1323 _b.M47 1990 |
|
| 100 | 1 |
_aMerritt, Helen _91235 |
|
| 245 | 1 | 0 |
_aModern Japanese Woodblock Prints _bThe Early Years _cHelen Merritt |
| 260 |
_aHonolulu _bUniversity of Hawaii _c1990 |
||
| 300 |
_aX, 324 p., [16] p. de láminas _bil. (algunas a color) _c26 cm. |
||
| 500 | _aIncluye glosario | ||
| 500 | _aDonación Fundación Japón | ||
| 504 | _aBibliografía: p. 307-312. | ||
| 650 | 1 | 4 |
_aGrabados _ySiglo XX _zJapón _91236 |
| 902 | _aDFJ | ||
| 942 |
_2lcc _cB |
||
| 999 |
_c304 _d304 |
||